Kliknij miesiąc - Statystyki

Ogólne statystyki
  • Ten quiz został rozwiązany 6 055 razy
  • Średni wynik to 10 z 24
Statystyki odpowiedzi
Hint Odpowiedź % Poprawnych
Dodanie pewnej litery do jego nazwy utworzyłoby imię żeńskie 5. Maj
74%
Kiedy Polska odzyskała niepodległość 11. Listopad
69%
Kiedy pierwsze województwa zaczynają ferie zimowe 1. Styczeń
69%
Kiedy najczęściej obchodzi się Wielkanoc 4. Kwiecień
69%
Pierwszego dnia tego miesiąca rozpoczyna się rok akademicki 10. Październik
65%
Kiedy w Rosji obchodzone jest Boże Narodzenie 1. Styczeń
57%
Na półkuli północnej jeden z jego dni jest najdłuższy w całym roku 6. Czerwiec
49%
Jedyny miesiąc, który nigdy nie ma dwóch pełni Księżyca 2. Luty
48%
Kiedy wprowadzono w PRL stan wojenny 12. Grudzień
46%
Kiedy miała miejsce Bitwa pod Grunwaldem 7. Lipiec
44%
Nazwany imieniem rzymskiego boga wojen 3. Marzec
41%
Kiedy następuje zmiana czasu z letniego na zimowy 10. Październik
40%
Ktoś urodzony tego miesiąca może być spod znaku lwa lub panny 8. Sierpień
37%
Kiedy przypada Dzień Świętego Szczepana 12. Grudzień
30%
Kiedy najczęściej obchodzony jest Chiński Nowy Rok 2. Luty
30%
Zwykle najzimniejszy miesiąc w Australii 7. Lipiec
30%
Kiedy jest Dzień Ziemi 4. Kwiecień
26%
Kiedy Japonia oficjalnie skapitulowała, kończąc II wojnę światową 9. Wrzesień
26%
Kiedy zmarł Juliusz Cezar 3. Marzec
24%
Kiedy miało miejsce lądowanie aliantów w Normandii 6. Czerwiec
23%
Kiedy od 2010 roku rozpoczyna się kadencja polskich prezydentów 8. Sierpień
20%
Kiedy rozpoczyna się Oktoberfest 9. Wrzesień
17%
Od tego miesiąca wywodzi się nazwa ferii na jego początku 5. Maj
14%
Był dziewiątym miesiącem w pierwszym rzymskim kalendarzu 11. Listopad
9%
Nie znaleziono quizów pasujących do podanych kryteriów
Rozkład punktacji
Procent ludzi z każdym wynikiem
Percentyl według liczby udzielonych odpowiedzi
Twoja historia wyników
Nie rozwiązałeś tego quizu